Slow: Revista Internacional de Gastronomías y Culturas : número 0, noviembre 1998 - enero 1999 /

Guardat en:
Dades bibliogràfiques
Altres autors: Caballero, Oscar (edición) (edición), Petrini, Carlo (edición) (edición)
Format: Llibre
Idioma:espanyol
Publicat: Bra, Italia : Slow Food Arcigola, 1998, c1998
Etiquetes: Afegir etiqueta
Sense etiquetes, Sigues el primer a etiquetar aquest registre!

MARC

LEADER 00000nam^a2200000^a^4500
001 000597139
005 20250521000000.0
009 20260310133121.018
020 |a 88-86283-52-0 
037 |a Acervo ITESO - Biblioteca 
041 |a ESP 
091 |a FCR. 02281 
240 1 1 |a [Slow: Revista Internacional de Gastronomías y Culturas] 
245 0 0 |a Slow:  |b Revista Internacional de Gastronomías y Culturas : número 0, noviembre 1998 - enero 1999 / 
264 4 |a Bra, Italia :  |b Slow Food Arcigola,  |c 1998, c1998 
300 |a 129 p. 
336 |a texto  |b txt  |2 rdacontenido 
337 |a sin mediación  |b n  |2 rdamedio 
338 |a volumen  |b nc  |2 rdasoporte 
649 |a XX 
700 |a Caballero, Oscar  |e (edición) 
700 |a Petrini, Carlo  |e (edición) 
910 |a Fondo Cristina Romo Gil 
920 |a Impresos - Libros 
930 |a Fondos Especiales 
905 |a 143 
901 |a 597304-10  |b IT2  |c ESP  |i D121041  |u 20250521 
902 |a https://opac.biblio.iteso.mx/vufind/Record/000597139